000 00447nam a2200181Ia 4500
003 GCL
008 140319s9999 xx 000 0 eng d
040 _aGCL /
_cGCL
082 0 4 _a843
_bV L
100 1 _aVERNE, JULES
245 1 0 _aL'ILE MYSTERIEUSE /
_cVERNE, JULES
260 _a[S.N] :
_bJ. HETZEL ،
_c1993
300 _a442 P
490 _aLE LIVRE DE POCHE
_v0
650 0 4 _aLITERATURE
650 0 4 _aFRENCH LITERATURE
942 _2ddc
_cBK
999 _c22093
_d22093